000 00394pab a2200157 454500
008 180718b2010 xxu||||| |||| 00| 0 eng d
100 _aVeerashekharappa
245 _aRural drinking water supply and sanitation: a review
260 _c2010
300 _ap.44-56.
362 _aJul-Dec
650 _aSanitation
650 _aDrinking water
773 _aMan and Society
909 _a110155
999 _c110150
_d110150